| 000 | 00398nam a2200145Ia 4500 | ||
|---|---|---|---|
| 008 | 210210b1961 xxu||||| |||| 00| 0 eng d | ||
| 082 | _a811.52 WALT | ||
| 100 | _aWALSER (Richard). | ||
| 245 | _aThomas Wolfe: an introduction and interpretation. | ||
| 260 |
_aN Y _bHolt Rinehart & Winston _c1961 |
||
| 300 | _avii,152 | ||
| 650 | _aThomas Wolfe | ||
| 690 | _aAmerican Literature | ||
| 906 | _a031989 | ||
| 999 |
_c82891 _d82891 |
||